Ice cream / (Record no. 165294)
[ view plain ]
| 000 -LEADER | |
|---|---|
| fixed length control field | 00834cam3a220027700 4500 |
| 001 - CONTROL NUMBER | |
| control field | lce00882260 |
| 008 - FIXED-LENGTH DATA ELEMENTS--GENERAL INFORMATION | |
| fixed length control field | 740223s1973 stka b 001 0 eng |
| 010 ## - LIBRARY OF CONGRESS CONTROL NUMBER | |
| LC control number | 73085351 |
| 015 ## - NATIONAL BIBLIOGRAPHY NUMBER | |
| National bibliography number | GB73-32097 |
| 020 ## - INTERNATIONAL STANDARD BOOK NUMBER | |
| International Standard Book Number | 0443010501 |
| 020 ## - INTERNATIONAL STANDARD BOOK NUMBER | |
| Terms of availability | L.5.00 |
| 035 ## - SYSTEM CONTROL NUMBER | |
| System control number | (Sirsi) r61983 |
| 035 ## - SYSTEM CONTROL NUMBER | |
| System control number | (DLC) 73085351 |
| 035 ## - SYSTEM CONTROL NUMBER | |
| System control number | (UPRA)lce00882260 |
| 040 ## - CATALOGING SOURCE | |
| Modifying agency | UPRA |
| 050 0# - LIBRARY OF CONGRESS CALL NUMBER | |
| Classification number | TX795 |
| Item number | .H93 |
| 082 ## - DEWEY DECIMAL CLASSIFICATION NUMBER | |
| Classification number | 637/.4 |
| 100 1# - MAIN ENTRY--PERSONAL NAME | |
| Personal name | Hyde, Kenneth Armitage. |
| Linkage | A21615.1 |
| 245 10 - TITLE STATEMENT | |
| Title | Ice cream / |
| Statement of responsibility, etc. | [by] K.A. Hyde and J. Rothwell. |
| 260 ## - PUBLICATION, DISTRIBUTION, ETC. | |
| Place of publication, distribution, etc. | Edinburgh : |
| Name of publisher, distributor, etc. | Churchill Livingstone, |
| Date of publication, distribution, etc. | 1973. |
| 504 ## - BIBLIOGRAPHY, ETC. NOTE | |
| Bibliography, etc. note | Includes bibliographical references and index. |
| 650 20 - SUBJECT ADDED ENTRY--TOPICAL TERM | |
| Topical term or geographic name entry element | Ice cream, ices, etc. |
| Linkage | S15135.1 |
| 700 1# - ADDED ENTRY--PERSONAL NAME | |
| Personal name | Rothwell, J. (Janet) |
| Fuller form of name | Rothwell, J. (Janet) |
| Linkage | A21616.1 |
| 949 ## - LOCAL PROCESSING INFORMATION (OCLC) | |
| a | TX795 |
| w | lcc |
| i | -81692 |
| m | MAIN |
| t | BOOK |
| l | ON-SHELF |
No items available.